Los derechos políticos y electorales : un orden público democrático /

Guardado en:
Autor Principal: García Roca, Javier
Otros Autores: Dalla Via, Alberto R.
Formato: Libro
Idioma:Spanish
Publicado: Buenos Aires : La Ley; Departamento de publicaciones UBA, 2013.
Edición:1a. ed.
Series:Colección Facultad de Derecho - Derecho Constitucional y Teoría del Estado
Materias:
Etiquetas: Agregar Etiqueta
Sin Etiquetas, Sea el primero en etiquetar este registro!
LEADER 00779nam a22002055a 4500
001 DER.der012676
008 180615s2013####ag#||||||||||||||#||spa||
005 20240219095350.0
245 1 0 |a Los derechos políticos y electorales :  |b un orden público democrático /  |c Javier García Roca , Alberto R. Dalla Via. 
250 |a 1a. ed. 
260 |a Buenos Aires :  |b La Ley; Departamento de publicaciones UBA,  |c 2013. 
300 |a 126 p. 
020 |a 9789870325352 
100 1 |a García Roca, Javier 
700 1 |a Dalla Via, Alberto R. 
830 0 |a Colección Facultad de Derecho - Derecho Constitucional y Teoría del Estado 
650 7 |a CAMPAÑAS ELECTORALES 
650 7 |a PRINCIPIO DE LEGALIDAD 
650 7 |a PERIODICIDAD DE LAS ELECCIONES 
859 |a DERECHO  |b BIB. DERECHO  |h 342.07  |i GAR  |p 007529